| 000 | 02142nam a2200337 i 4500 | ||
|---|---|---|---|
| 001 | 000007270 | ||
| 003 | DO-SdBNP | ||
| 005 | 20250812135812.0 | ||
| 007 | ta | ||
| 008 | 090907s2002 dr d 000 0 spa d | ||
| 040 |
_aDO-SdBNP _bspa _cBNPHU _erda |
||
| 041 | _aspa | ||
| 082 | 4 |
_a647.94 _bM878g _222 |
|
| 100 |
_aMorrison, Winston, _eautor _4aut. _920173 |
||
| 245 | 1 | 0 |
_aGerencia hotelera / _cWinston Morrison |
| 250 | _aPrimera edición | ||
| 264 | 1 |
_aSanto Domingo : _bEditora Taller, _c2002. |
|
| 300 |
_a247 páginas : _bdiágramas ; _c23 cm. |
||
| 336 |
_atexto _btxt _2rdacontent |
||
| 337 |
_asin mediación _bn _2rdamedia |
||
| 338 |
_avolumen _bnc _2rdacarrier |
||
| 500 | _aIncluye datos biográficos del autor en la contracubierta | ||
| 504 | _aBibliografía : páginas 245-247 | ||
| 505 | 2 | _aPrimera parte: Aspectos generales -- Capítulo 1. Breve historia de la hotelería -- Evolución de la hotelería en el mundo -- Evolución de la hotelería en República Dominicana -- Capítulo 2. Tipología hotelera -- Capítulo 3. Organización de las empresas hoteleras -- Capítulo 4. Tipos de habitaciones, planes y tarifas -- Segunda parte: División de habitaciones (Operaciones departamentales) -- Capítulo 5. Departamento de reservación -- Capítulo 6. Departamento de recepción -- Capítulo 7. Servicio uniformado (Bellboys, parqueadores, porteros y ascensoristas) -- Capítulo 8. Departamento de telecomunicaciones o teléfonos -- Capítulo 9. Departamento de pisos (Ama de llaves) -- Capítulo 10. Lavandería -- Tercera parte: División de habitaciones (Gestión) -- Capítulo 11 Presupuesto -- Capítulo 12. Reclutamiento, selección y gestión de personal -- Capítulo 13. Controles internos -- Capítulo 14. Reuniones periódicas -- Capítulo 15. El sevicio hotelero: Prestación y capital -- Bibliografía. | |
| 590 | _aInventariado, 2025/BT | ||
| 650 | 4 |
_aAdministración hotelera _zRepública Dominicana _920174 |
|
| 650 | 4 |
_aHoteles _xHistoria _zRepública Dominicana _920175 |
|
| 650 | 4 |
_aHoteles _xFuncionarios y empleados _920176 |
|
| 650 | 4 |
_aPlanificación de recursos humanos _97604 |
|
| 942 |
_2ddc _cLBS1 |
||
| 999 |
_c7051 _d7051 |
||